000 00620nam a2200181Ia 4500
008 090124s9999 xx 000 0 und d
082 _b2422
100 _aआपटे गोपाऴ लक्ष्मण
245 _a आरट्याची पाने
250 _a0
260 _bयशवंत गोपाळ जोशी
_c1937
300 _a40
600 _aआपटे गोपाऴ लक्ष्मण
630 _a आरट्याची पाने
700 _aआपटे गोपाऴ लक्ष्मण
730 _a आरट्याची पाने
942 _cBOOK
999 _c82346
_d82346